• 首页
  • 本馆介绍
  • 公告通知
  • 最新文献
  • 馆藏检索
  • 电子资源
  • 读者导购
  • 参考咨询
  • 我的图书馆
  • 登录
  • 详细信息显示
  • 放入我的书架
  • 预约/预借图书
  • 作者相关作品
  • 分类相关作品
  • 丛书相关作品
  • 出版社相关作品

书目信息

  • 表格格式
  • 工作单格式
  • 卡片格式
题名:
语文教师教学知识发展研究
    
 
作者: 朱晓民 著
分册:  
出版信息: 北京   教育科学出版社  2010
页数: 289页
开本: 24cm
丛书名:
单 册:
中图分类: G623.2 , G633.3
科图分类:
主题词: 小学语文课--教学研究 , 中学语文课--教学研究 , 小学语文课 , 教学研究 , 中学语文课
电子资源:
ISBN: 978-7-5041-4625-0
000 01168nam0 2200313 450
001 004884446
005 20101009145621.0
010    @a978-7-5041-4625-0@dCNY30.00
035    @a004884446
100    @a20100913d2010 em y0chiy0110 ea
101 0  @achi
102    @aCN@b110000
105    @aa z 000yy
106    @ar
200 1  @a语文教师教学知识发展研究@9yu wen jiao shi jiao xue zhi shi fa zhan yan jiu@f朱晓民著
210    @a北京@c教育科学出版社@d2010
215    @a289页@c彩照@d24cm
300    @a山西师范大学学术著作出版基金、山西省重点建设学科“山西师范大学课程与教学论专业”资助
330    @a本书通过若干案例考察了语文教师的教学知识是如何生成与发展的,阐述了“语文教学知识”的内涵,建立了语文教学知识发展的分析框架,将语文教师教学知识发展过程分为“作为学生时的经验”“职前培训”“在职经验”三部分。
606 0  @a小学语文课@x教学研究
606 0  @a中学语文课@x教学研究
606 0  @a小学语文课
606 0  @a教学研究
606 0  @a中学语文课
690    @aG623.2@v4
690    @aG633.3@v4
701  0 @a朱晓民@9zhu xiao min@f(1970~)@4著
801  0 @aCN@bNLC@c20101011
905    @b205974490-533/205994218-254@h597449-53/599421-25@dG623.2@e401@f10
    
    语文教师教学知识发展研究/朱晓民著.-北京:教育科学出版社,2010
    289页:彩照;24cm
    山西师范大学学术著作出版基金、山西省重点建设学科“山西师范大学课程与教学论专业”资助
    
    ISBN 978-7-5041-4625-0:CNY30.00
    本书通过若干案例考察了语文教师的教学知识是如何生成与发展的,阐述了“语文教学知识”的内涵,建立了语文教学知识发展的分析框架,将语文教师教学知识发展过程分为“作为学生时的经验”“职前培训”“在职经验”三部分。
●
相关链接 在E读中查询图书 在五车中查询图书 在当当中查询图书 在豆瓣中查询图书


正题名:语文教师教学知识发展研究     索取号:G623.2/401         预约/预借

序号 登录号 条形码 馆藏地/架位号 状态 备注
1 597449   205974490   第一样本阅览室/ [索取号:G623.2/401] 在馆    
2 597450   205974506   第四借阅区/ [索取号:G623.2/401] 在馆    
3 597451   205974515   第四借阅区/ [索取号:G623.2/401] 在馆    
4 597452   205974524   第四借阅区/ [索取号:G623.2/401] 在馆    
5 597453   205974533   第四借阅区/ [索取号:G623.2/401] 在馆    
6 599421   205994218   第四借阅区/ [索取号:G623.2/401] 在馆    
7 599422   205994227   第四借阅区/ [索取号:G623.2/401] 在馆    
8 599423   205994236   第四借阅区/ [索取号:G623.2/401] 在馆    
9 599424   205994245   第四借阅区/ [索取号:G623.2/401] 在馆    
10 599425   205994254   第四借阅区/ [索取号:G623.2/401] 在馆    
唐山师范学院图书馆 欢迎您!
大连网信软件有限公司© 版权所有